| Tag |
First Indicator |
Second Indicator |
Subfields |
| LEADER |
00000cam a2200000Ka 4500 |
| 001 |
in00002672321 |
| 005 |
20190329193013.0 |
| 006 |
m d |
| 007 |
cr un||||||auu |
| 008 |
100521s1996 caua ob 101 0 eng d |
| 020 |
|
|
|a 9781583814345
|
| 020 |
|
|
|a 1583814345
|
| 020 |
|
|
|z 1886733198
|
| 020 |
|
|
|z 9781886733190
|
| 035 |
|
|
|a (OCoLC)ocn625199543
|
| 035 |
|
|
|a (OCoLC)625199543
|
| 040 |
|
|
|a OCLCE
|b eng
|c OCLCE
|d TXA
|d UtOrBLW
|
| 042 |
|
|
|a dlr
|
| 049 |
|
|
|a TXAM
|
| 050 |
|
4 |
|a QB857.5.E96
|b F76 1996eb
|
| 082 |
0 |
4 |
|a 523.1/12
|2 21
|
| 084 |
|
|
|a 39.40
|2 bcl
|
| 245 |
0 |
0 |
|a From stars to galaxies :
|b the impact of stellar physics on galaxy evolution : conference held at Porto Elounda Mare, Crete (Greece), 9-13 October 1995 /
|c edited by Claus Leitherer, Uta Fritze-von Alvensleben, and John Huchra.
|
| 264 |
|
1 |
|a San Francisco, Calif. :
|b Astronomical Society of the Pacific,
|c 1996.
|
| 300 |
|
|
|a 1 online resource (xxvii, 624 pages) :
|b illustrations
|
| 336 |
|
|
|a text
|b txt
|2 rdacontent
|
| 337 |
|
|
|a computer
|b c
|2 rdamedia
|
| 338 |
|
|
|a online resource
|b cr
|2 rdacarrier
|
| 490 |
1 |
|
|a Astronomical Society of the Pacific conference series ;
|v v. 98
|
| 504 |
|
|
|a Includes bibliographical references and indexes.
|
| 588 |
|
|
|a Description based on print version record.
|
| 500 |
|
|
|a Electronic resource.
|
| 650 |
|
0 |
|a Galaxies
|x Evolution
|v Congresses.
|
| 650 |
|
0 |
|a Galaxies
|x Formation
|v Congresses.
|
| 650 |
|
0 |
|a Stars
|x Evolution
|v Congresses.
|
| 650 |
1 |
7 |
|a Sterrenstelsels.
|2 gtt
|
| 650 |
1 |
7 |
|a Sterevolutie.
|2 gtt
|
| 650 |
|
7 |
|a Galaxies
|x Évolution.
|2 ram
|
| 700 |
1 |
|
|a Leitherer, Claus.
|
| 700 |
1 |
|
|a Fritze-von Alvensleben, Uta.
|
| 700 |
1 |
|
|a Huchra, John P.
|
| 776 |
0 |
8 |
|i Print version:
|t From stars to galaxies.
|d San Francisco, Calif. : Astronomical Society of the Pacific, 1996
|z 9781886733190
|w (DLC) 96084702
|w (OCoLC)35028608
|
| 830 |
|
0 |
|a Astronomical Society of the Pacific conference series ;
|v v. 98.
|
| 856 |
4 |
0 |
|u http://proxy.library.tamu.edu/login?url=http://aspbooks.org/a/volumes/table_of_contents/98
|z Connect to the full text of this electronic book
|t 0
|
| 994 |
|
|
|a C0
|b TXA
|
| 948 |
|
|
|a cataloged
|b h
|c 2010/10/4
|d c
|e agaffey
|f 4:58:57 pm
|
| 999 |
|
|
|a MARS
|
| 999 |
f |
f |
|s c0e64910-84ed-3d3a-bfca-80eb29aea5d0
|i b5edc161-af4f-3222-b5b7-82dd9992c8a6
|t 0
|
| 952 |
f |
f |
|a Texas A&M University
|b College Station
|c Electronic Resources
|d Available Online
|t 0
|e QB857.5.E96 F76 1996eb
|h Library of Congress classification
|
| 998 |
f |
f |
|a QB857.5.E96 F76 1996eb
|t 0
|l Available Online
|